00314nam a2200133Ia 4500008004100000020001500041041001200056082001600068100001700084245002500101260003100126300000800157650001500165221030s9999 xx 000 0 und d a8185809933 aEnglish a105.23bMat aB. L. Mathur 0aManagerial Economics bSublime Pub.aJaipurc2002 a440 aManagement